• 首页
  • 本馆介绍
  • 公告通知
  • 最新文献
  • 馆藏检索
  • 电子资源
  • 读者导购
  • 参考咨询
  • 我的图书馆
  • 登录
  • 详细信息显示
  • 放入我的书架
  • 预约/预借图书
  • 作者相关作品
  • 分类相关作品
  • 丛书相关作品
  • 出版社相关作品

书目信息

  • 表格格式
  • 工作单格式
  • 卡片格式
题名:
新税法与实用操作指南
    
 
作者: 孙成刚 , 段秀梅 主编
分册:  
出版信息: 北京   机械工业出版社  1994.2
页数: 360
开本: 19cm
丛书名:
单 册:
中图分类: F812.42
科图分类:
主题词:
电子资源:
ISBN: 7-111-04152-6
000 00572nam0 2200193 45
001 0181022422
005 20061026151646.20
010    @a7-111-04152-6@dCNY14.50
100    @a20810111d km y0chiy0120 ea
101 0  @achi
105    @a z 000yy
200 1  @Axin shui fa yu shi yong cao zuo zhi nan@Fsun cheng gang , duan xiu mei@a新税法与实用操作指南@f孙成刚,段秀梅主编
210    @a北京@c机械工业出版社@d1994.2
215    @a360@d19cm
690    @aF812.42
701 0  @a孙成刚@4主编
701 0  @a段秀梅@4主编
801    @aCN@bTSTC@c20061026
905    @dF812.42@e23@f1@b1
    
    新税法与实用操作指南/孙成刚,段秀梅主编.-北京:机械工业出版社,1994.2
    360;19cm
    
    
    ISBN 7-111-04152-6:CNY14.50
    
●
相关链接 在E读中查询图书 在五车中查询图书 在当当中查询图书 在豆瓣中查询图书


正题名:新税法与实用操作指南     索取号:F812.42/23         预约/预借

序号 登录号 条形码 馆藏地/架位号 状态 备注
1 0270228   000490686   样本库/ [索取号:F812.42/23] 在馆    
欢迎您!
大连网信软件有限公司© 版权所有